The challenge of effective speaking

Bibliographic Details
Main Author: Verderber, Rudolph
Format: Book
Published: California : Wadsworth , 1991
Edition:8th. ed
Subjects:

MARC

LEADER 00000cam a2200000 7i4500
001 0000000233
002 000000303
005 20000330.0
020 |a 053413968X 
090 0 0 |a 808.51   |b VER 
100 1 |a Verderber, Rudolph 
245 1 4 |a The challenge of effective speaking   |c Rudolph Verderber 
250 |a 8th. ed 
260 |a California :   |b Wadsworth ,   |c 1991 
300 |a 410p. ;   |c 23cm. 
650 0 0 |a Public speaking 
999 |a 027952   |b BUKU   |c PINJAMAN   |e PERPUSTAKAAN KOMUNITI PETALING JAYA